Treatment of Women Charaters in Manju Kapur's Novels/ (Record no. 172257)

MARC details
000 -LEADER
fixed length control field 00589nam a22001937a 4500
005 - DATE AND TIME OF LATEST TRANSACTION
control field 20200130144459.0
010 ## - LCCN (DPL NO)
LC control number ENG-127577
020 ## - INTERNATIONAL STANDARD BOOK NUMBER
International Standard Book Number 9789388927383
Terms of availability 300.00
035 ## - SYSTEM CONTROL NUMBER
System control number EN-111109
037 ## - SOURCE OF ACQUISITION
Source of stock number/acquisition DBAD/PUB
082 ## - DEWEY DECIMAL CLASSIFICATION NUMBER
Classification number 880
100 ## - MAIN ENTRY--PERSONAL NAME
Personal name Vyas, Foram
245 ## - TITLE STATEMENT
Title Treatment of Women Charaters in Manju Kapur's Novels/
Statement of responsibility, etc by Foram Vyas
260 ## - PUBLICATION, DISTRIBUTION, ETC. (IMPRINT)
Place of publication, distribution, etc Ahmedabad
Name of publisher, distributor, etc Vedant Publication
Date of publication, distribution, etc 2019
270 ## - ADDRESS
City Ahmedabad
Address Rajkot, Ahmedabad, Surat
Postal code 360001
300 ## - PHYSICAL DESCRIPTION
Extent 151p.
Other physical details 20cm(pbk)
500 ## - GENERAL NOTE
General note include bibliographical references
942 ## - ADDED ENTRY ELEMENTS (KOHA)
Source of classification or shelving scheme Dewey Decimal Classification
Item type English Books
Classification part 880
Call number suffix VYA
Holdings
Withdrawn status Lost status Not for loan Collection code Home library Current library Date acquired Source of acquisition Cost, normal purchase price Full call number Barcode Copy number Cost, replacement price Koha item type
      Non-fiction Sarojini Nagar Sarojini Nagar 30/01/2020 DBAD/PUB 300.00 880 VYA EN-111109 1 300.00 English Books

© Delhi Public Library
Hit Counter
free hit counter